BIBLIOTECA PODER JUDICIAL
Portal Judicial TDF

La muerte nunca fue tan justa / (Registro nro. 6567)

000 -LEADER
fixed length control field 01339nab a22002777a 4500
003 - CONTROL NUMBER IDENTIFIER
control field OSt
005 - DATE AND TIME OF LATEST TRANSACTION
control field 20260224121758.0
008 - FIXED-LENGTH DATA ELEMENTS--GENERAL INFORMATION
fixed length control field 190506c xxu||||| |||| 00| 0 spa d
040 ## - CATALOGING SOURCE
Transcribing agency PJ
100 ## - MAIN ENTRY--PERSONAL NAME
9 (RLIN) 7142
Personal name Villaggi, Romina I. G.
245 13 - TITLE STATEMENT
Title La muerte nunca fue tan justa /
Statement of responsibility, etc Romina I. G. Villaggi, Rodolfo C. Comoretto.
260 ## - PUBLICATION, DISTRIBUTION, ETC. (IMPRINT)
Place of publication, distribution, etc Buenos Aires :
Name of publisher, distributor, etc AbeledoPerrot,
Date of publication, distribution, etc 2024.
300 ## - PHYSICAL DESCRIPTION
Extent p. 6-16
500 ## - GENERAL NOTE
General note Cita: TR LALEY AR/DOC/1958/2024.
505 ## - FORMATTED CONTENTS NOTE
Formatted contents note Sumario: I. Extinción del contrato de trabajo por causas ajenas a la voluntad de las partes. Arts. 248 y 249 LCT. Introducción.— II. De la extinción del contrato de trabajo por muerte del empleador.— III. De la extinción del contrato de trabajo por muerte del trabajador.— IV. Conclusión final.— V. Bibliografía.
505 ## - FORMATTED CONTENTS NOTE
Title ¿Te interesa el texto completo? Comunicate al correo: koha@justierradelfuego.gov.ar
650 #0 - SUBJECT ADDED ENTRY--TOPICAL TERM
9 (RLIN) 1316
Topical term or geographic name as entry element DERECHO LABORAL
650 #0 - SUBJECT ADDED ENTRY--TOPICAL TERM
9 (RLIN) 1323
Topical term or geographic name as entry element CONTRATO DE TRABAJO
650 #0 - SUBJECT ADDED ENTRY--TOPICAL TERM
9 (RLIN) 4195
Topical term or geographic name as entry element COMPETENCIA LABORAL
650 #0 - SUBJECT ADDED ENTRY--TOPICAL TERM
9 (RLIN) 1486
Topical term or geographic name as entry element EXTINCION DEL CONTRATO DE TRABAJO
650 #0 - SUBJECT ADDED ENTRY--TOPICAL TERM
9 (RLIN) 1533
Topical term or geographic name as entry element DESPIDO
650 #0 - SUBJECT ADDED ENTRY--TOPICAL TERM
9 (RLIN) 4947
Topical term or geographic name as entry element MUERTE DEL TRABAJADOR
700 ## - ADDED ENTRY--PERSONAL NAME
9 (RLIN) 7143
Personal name Comoretto, Rodolfo C.
773 0# - HOST ITEM ENTRY
Host Biblionumber 2751
Host Itemnumber 3202
Place, publisher, and date of publication Buenos Aires : AbeledoPerrot, 2013-
Title Revista de derecho laboral y seguridad social. Nº 17 - Septiembre 2024
942 ## - ADDED ENTRY ELEMENTS (KOHA)
Source of classification or shelving scheme
Koha item type Analítica Artículo de Revista

No hay ítems disponibles.

12 de Octubre 789 Ushuaia - Tel:  54(02901)441571
Horario de Atención: 8.00 a 17.00 hs. 
bibliotecaush@justierradelfuego.gov.ar
koha@justierradelfuego.gov.ar
Seguinos en nuestras redes @bibliojustdf 

Con tecnología Koha